000 01563nam a2200361 i 4500
001 013461899
003 EG-ScBUE
005 20251126103912.0
008 050809t2006 caua f b 001 0 eng d
020 _a9781412908986
040 _aDLC
_beng
_erda
_cDLC
_dDLC
_dUk
_dEG-ScBUE
082 0 4 _a303.375
_222
_bJOW
100 1 _aJowett, Garth S.,
_eauthor.
245 1 0 _aPropaganda and persuasion /
_cGarth S. Jowett, University of Houston and Victoria O'Donnell, Montana State University.
250 _aFourth edition.
264 1 _aThousand Oaks, California :
_bSage Publications, Inc.,
_c[2006]
264 4 _cc2006
300 _axxii, 422 pages :
_billustrations ;
_c23 cm
336 _atext
_2rdacontent
_btxt
337 _aunmediated
_2rdamedia
_bn
338 _avolume
_2rdacarrier
_bnc
504 _aIncludes bibliographical references and index.
505 0 _aWhat is propaganda, and how does it differ from persuasion? -- Propaganda through the ages -- Propaganda institutionalized -- Propaganda and persuasion examine -- Propaganda and psychological warfare -- How to analyze propaganda -- Propaganda in action : four case studies -- How propaganda works in modern society.
540 _aCurrent Copyright Fee: GBP26.00
_c0
_5Uk
650 7 _aPropaganda.
_2BUEsh
650 7 _aPersuasion (Psychology)
_2BUEsh
655 _vReading book
700 1 _aO'Donnell, Victoria,
_eauthor.
942 _2ddc
_cBB
999 _c31021
_d30992